LDR 00734naa#a2200193#i#450# 001 EN\\bibl\115950 005 20260430114056.4 011 ## _a1994-4683 100 ## _a20260429b2026####ek#y0engy0150####ca 102 ## _aRU 200 1# _aApplication of a motor-coordination module in the technical training of young football players and its effectiveness _eJournal article 210 1# _aMoscow _cNational State University of Physical Education, Sports and Health named after P.F. Lesgaft _d2026 215 ## _a7 с. 608 ## _aJournal article _2local 675 ## _aФутбол. 796.332 _z 700 #1 _aTimofeeva _gSvetlana Nikolaevna 700 #1 _aMalcev _gVladislav Anatolievich 700 #1 _aTimoffev _gVladlen Dmitrievych 856 4# _auchzapiski.lesgaft.spb.ru _u